| 000 | 01147nam a2200289 c 4500 | ||
|---|---|---|---|
| 999 |
_c171279 _d171279 |
||
| 003 | BLK | ||
| 005 | 20221111094655.0 | ||
| 008 | 180411b bul|||||r ||||||| ||bul|| | ||
| 010 | _aKNG00179535000 | ||
| 040 | _aBLK | ||
| 041 |
_aBUL _cBUL |
||
| 080 |
_aБългарска литература _b821.163.2 _x-93-32 _z821.163.2-93-32 |
||
| 100 | 1 |
_aПанов, Красимир _eпърви автор _9327463 |
|
| 139 |
_aПанов, Красимир _bП 18 |
||
| 245 | 1 | 0 |
_aВеликият син на Тертеровци _bСказание за времето на Теодор Светослав _cКрасимир Панов; худож. Светозар Сребров. |
| 257 | _aBGR | ||
| 260 |
_bНар. просв. _c1978 _fВраца : В. Александров |
||
| 300 |
_a124 с. _bс ил. _c21 см |
||
| 380 | _aDX | ||
| 490 |
_a1300 години България _9204222 |
||
| 700 | 1 |
_aСребров, Светозар _eхудож. _9315821 |
|
| 852 | _aЦб 93677 | ||
| 856 | 4 |
_qpdf _i0.00 _ldisable |
|
| 856 | 4 |
_qpdf _i0.00 _ldisable |
|
| 942 |
_cKNG _n0 _s1 |
||
| 944 |
_aCR _c11.08.2015 _kВалентина_Караджова |
||
| 944 |
_aED _c14.09.2017 _kЕлица_Владова |
||
| 999 | _d171279 | ||